| 000 | 00339nam a22001457a 4500 | ||
|---|---|---|---|
| 003 | SGT | ||
| 020 | _a0471-41611-8 | ||
| 082 |
_a150.287 _bC04H |
||
| 100 | _aHERSEN, MICHEL | ||
| 245 | _aCOMPREHENSIVE HB. OF PSYCHOLOGICAL ASSESSMENT | ||
| 260 |
_aNEW JERSEY _bWILEY _c2004 |
||
| 300 | _a413 | ||
| 650 | _aPSYCHOLOGY | ||
| 942 |
_2ddc _cBK |
||
| 999 |
_c16215 _d16215 |
||